| 000 | 00457nam a2200181Ia 4500 | ||
|---|---|---|---|
| 008 | 240925s9999 xx 000 0 und d | ||
| 020 | _a9788179929674 | ||
| 082 | _a658.00951 SUN | ||
| 100 | _aSun, Ted | ||
| 245 | 0 | _aInside the Chinese business mind | |
| 250 | _aNA | ||
| 260 |
_aMumbai: _bJAICO Publishing House _c,2011. |
||
| 300 |
_a311p. _bN.A _fPirated |
||
| 500 | _aIncludes Index | ||
| 600 | _aManagement | ||
| 650 | _aManagement | ||
| 942 | _cBK | ||
| 999 |
_c17888 _d17888 |
||